A magyarországi nemzeti parkok turizmusorientált tevékenysége,a Balaton-felvidéki és a Fertő-Hanság Nemzeti Park összehasonlítása

Bibliográfiai részletek
Szerző: Vass Virág Lilla
További közreműködők: Tardy Dr. János
Dokumentumtípus: Diplomadolgozat
Kulcsszavak:Balaton-felvidéki Nemzeti Park
Fertő-Hanság Nemzeti Park
Ökoturizmus
Ökoiskola
Fenntartható turizmus
Online Access:http://dolgozattar.uni-bge.hu/20612

MARC

LEADER 00000nta a2200000 i 4500
001 dolg20612
005 20200226144751.0
008 190507suuuu hu om 000 hun d
040 |a BGE Dolgozattár Repozitórium  |b hun 
041 |a hu 
100 1 |a Vass Virág Lilla 
245 1 2 |a A magyarországi nemzeti parkok turizmusorientált tevékenysége,a Balaton-felvidéki és a Fertő-Hanság Nemzeti Park összehasonlítása  |c Vass Virág Lilla  |h [elektronikus dokumentum] 
246 1 1 |a A magyarországi nemzeti parkok turizmusorientált tevékenysége,a Balaton-felvidéki és a Fertő-Hanság Nemzeti Park összehasonlítása 
695 |a Balaton-felvidéki Nemzeti Park 
695 |a Fertő-Hanság Nemzeti Park 
695 |a Ökoturizmus 
695 |a Ökoiskola 
695 |a Fenntartható turizmus 
700 1 |a Tardy Dr. János  |e ths 
856 4 0 |u http://dolgozattar.uni-bge.hu/20612/1/Vass_Vir%C3%A1g%20Lilla_EEKEU7_TVtur%20%281%29.pdf  |z Dokumentum-elérés